Κατάλογος Βιβλιοθηκών Mediterranean College

Ψηφιακό Μάρκετινγκ: (Record no. 10060)

MARC details
000 -LEADER
fixed length control field 03343nam a22002057a 4500
005 - ΗΜΕΡΟΜΗΝΙΑ ΚΑΙ ΩΡΑ ΤΕΛΕΥΤΑΙΑΣ ΕΝΗΜΕΡΩΣΗΣ
Πεδίο ελέγχου 20260116100800.0
006 - FIXED-LENGTH DATA ELEMENTS--ADDITIONAL MATERIAL CHARACTERISTICS
Πεδίο ελέγχου σταθερού μήκους a|||||r|||||||||||
008 - FIXED-LENGTH DATA ELEMENTS--GENERAL INFORMATION
Πεδίο ελέγχου σταθερού μήκους 260116s |||||||| |||| 00| ||gre d
020 ## - ISBN
ISBN 9786185131609
040 ## - ΠΗΓΗ ΚΑΤΑΛΟΓΟΓΡΑΦΗΣΗΣ
Φορέας πρωτότυπης καταλογογράφησης MC Thessaloniki Campus Library
Γλώσσα καταλογογράφησης Ελληνικά, Μοντέρνα (1453-)
Modifying agency MC Thessaloniki Campus Library
Κανόνες περιγραφικής καταλογογράφησης AACR2
245 10 - ΤΙΤΛΟΣ ΚΑΙ ΔΗΛΩΣΗ ΥΠΕΥΘΥΝΟΤΗΤΑΣ
Τίτλος Ψηφιακό Μάρκετινγκ:
Remainder of title Από τη Θεωρία στην Πράξη/
Statement of responsibility, etc. Μάρω Βλαχοπούλου
260 ## - PUBLICATION, DISTRIBUTION, ETC.
Place of publication, distribution, etc. Αθήνα:
Name of publisher, distributor, etc. Rosili,
Date of publication, distribution, etc. 2020
300 ## - PHYSICAL DESCRIPTION
Extent 569 σ.:
Other physical details εικ;
504 ## - ΣΗΜΕΙΩΣΗ ΒΙΒΛΙΟΓΡΑΦΙΑΣ κλπ.
Σημείωση βιβλιογραφίας, κλπ. Στόχος αυτού του βιβλίου είναι να βοηθήσει τους επαγγελματίες του χώρου, επιχειρηματίες, στελέχη και φοιτητές προπτυχιακών και μεταπτυχιακών σπουδών να καταλάβουν τι είναι το Ψηφιακό Μάρκετινγκ, πώς λειτουργεί και πώς μπορεί να τους βοηθήσει να βελτιστοποιήσουν την εκστρατεία μάρκετινγκ αξιοποιώντας τις προκλήσεις, τεχνικές και εργαλεία του ΨΜ. Κάθε ενότητα έχει το θεωρητικό υπόβαθρο για την κατανόηση και στη συνέχεια παρουσιάζει εφαρμογές, τεχνικές και εργαλεία, επικεντρώνοντας σε πρακτικές εφαρμογές. Ειδικότερα, το βιβλίο αυτό παρουσιάζει με παραδείγματα, εφαρμογές, τεχνικές και εργαλεία τα επιμέρους θέματα που απασχολούν μια πετυχημένη στρατηγική ΨΜ. Μερικά από τα κύρια θέματα που συζητά είναι: Παρουσίαση παραγόντων που επηρεάζουν το Online & Mobile shopping & την αγοραστική συμπεριφορά μέσα από τα κοινωνικά μέσα. Οδηγίες για τον σχεδιασμό & ανάπτυξη της διαδικτυακής παρουσίας Κατανόηση της Βελτιστοποίησης για Μηχανές Αναζήτησης SEO/SEM και δημιουργία σχετικών εκθέσεων για συγκεκριμένες σελίδες. Διαχείριση καμπάνιας μάρκετινγκ επί πληρωμή σε μηχανές αναζήτησης. Εξοικείωση με διάφορες μορφές μέσων & τεχνικών ψηφιακής προβολής με παραδείγματα εφαρμογών. Μορφές προβολής ηλεκτρονικού ταχυδρομείου. Μεθόδους και τεχνικές προσωποποίησης & συστάσεων. Θεωρητική και Πρακτική προσέγγιση των κοινωνικών μέσων. Κινητό ΜΚΤ - κινητές εφαρμογές & Mobile marketing/advertising/apps. Διαδικασίες και τεχνικές Αναλυτικής διαδικτύου. Παρουσίαση δυνατοτήτων & ευκαιριών έρευνας σε ψηφιακό περιβάλλον.
600 10 - SUBJECT ADDED ENTRY--PERSONAL NAME
9 (RLIN) 5552
700 1# - ΠΡΟΣΘΕΤΗ ΑΝΑΓΡΑΦΗ--ΦΥΣΙΚΟ ΠΡΟΣΩΠΟ
Personal name Βλαχοπούλου Μάρω
Σχέση Συγγραφέας
9 (RLIN) 5552
942 ## - ADDED ENTRY ELEMENTS (KOHA)
Koha item type Books
Holdings
Τύπος τεκμηρίου Βιβλιοθήκη Τρέχουσα τοποθεσία Barcode Αριθμός εισαγωγής Ημερομηνία απόκτησης Ταξιθετικό σύμβολο Κατάσταση απόσυρσης Κατάσταση χαμένου Κατάσταση κατεστραμμένου Μη δανεισμός Σύνολο δανεισμών Ημερομηνία τελευταίας εμφάνισης Η τιμή ισχύει από
Books MC Thessaloniki Campus Library MC Thessaloniki Campus Library 9780000100672 1212 16/01/2026 658.87 ΒΛΑ           16/01/2026 16/01/2026

MC Athens Campus Library
Πατησίων 94 & Κοδριγκτώνος 13, 104 34
Πελλήνης 8 & Πατησίων 107, 112 51
Τ: +30 210 8899600

MC Thessaloniki Campus Library
Ίωνος Δραγούμη 21, 54625 | Ίωνος Δραγούμη 15, 54625
Τ: +30 2310 287779 – Τ: +30 2314 440300